• 首页
  • 本馆介绍
  • 公告通知
  • 最新文献
  • 馆藏检索
  • 电子资源
  • 读者导购
  • 参考咨询
  • 我的图书馆
  • 登录
  • 详细信息显示
  • 放入我的书架
  • 预约/预借图书
  • 作者相关作品
  • 分类相关作品
  • 丛书相关作品
  • 出版社相关作品

书目信息

  • 表格格式
  • 工作单格式
  • 卡片格式
书名: Optimality Theory and Mandarin Syllable Structure
作者: 马秋武著.
分册号:
分册名:
出版地: 天津 :
 
出版社: 南开大学出版社
出版时间: 2003.
页数: 273 p. ;
开本: 20cm.
丛书名:
中图分类号:
科图分类号:
其他分类号: H116.3
主题词:
电子资源:
000 00543nam 2200181 a 4500
001 E0737319687
005 20070827084711.04
008 070824s2003 00010 eng
020    @a7-310-01911-3 :@cCNY14.00.
040    @aPFT@bchi
041    @aeng@bchi@heng
090    @aH116.3
099    @dH116.3@ex17
245    @aOptimality Theory and Mandarin Syllable Structure :@b优选论与汉语普通话的章节组构 / @c马秋武著.
246    @a优选论与汉语普通话的章节组构
260    @a天津 :@b南开大学出版社,@c2003.
300    @a273 p. ;@c20cm.
700    @a马秋武著
    
    Optimality Theory and Mandarin Syllable Structure : : 优选论与汉语普通话的章节组构 / / 马秋武著.-天津 : : 南开大学出版社, , 2003.
    273 p. ; ; 20cm.
    
    
    ISBN 7-310-01911-3 :CNY14.00.
    
●
相关链接 在E读中查询图书 在五车中查询图书 在当当中查询图书 在豆瓣中查询图书


正题名:Optimality Theory and Mandarin Syllable Structure     索取号:H116.3/x17         预约/预借

序号 登录号 条形码 馆藏地/架位号 状态 备注
1 17213   300172131   第二样本阅览室/ [索取号:H116.3/x17] 在馆    
2 17214   300172140   第四借阅区/ [索取号:H116.3/x17] 在馆    
3 17215   300172159   第四借阅区/ [索取号:H116.3/x17] 在馆    
4 17216   300172168   第四借阅区/ [索取号:H116.3/x17] 在馆    
5 17388   300173880   第四借阅区/ [索取号:H116.3/x17] 在馆    
唐山师范学院图书馆 欢迎您!
大连网信软件有限公司© 版权所有